• 首页
  • 本馆介绍
  • 公告通知
  • 最新文献
  • 馆藏检索
  • 电子资源
  • 读者导购
  • 参考咨询
  • 我的图书馆
  • 登录
  • 详细信息显示
  • 放入我的书架
  • 预约/预借图书
  • 作者相关作品
  • 分类相关作品
  • 丛书相关作品
  • 出版社相关作品

书目信息

  • 表格格式
  • 工作单格式
  • 卡片格式
题名:
计算机通信网
    
 
作者: 戴维斯 , Davies , 巴伯 , Barber 著 ;谢益裕 译
分册:  
出版信息: 北京   人民邮电出版社  1985
页数: 688页
开本: 20cm
丛书名:
单 册:
中图分类: TN913.2 , TN91
科图分类:
主题词: 计算机通信网
电子资源:
ISBN:
000 00977nam0 2200325 45
001 0185020365
005 20040517150259.4
010    @dCNY5.10
091    @a15045总2999-有5404
100    @a19900921d1985 em y0chiy0121 ea
101 1  @achi@ceng
102    @aCN@b110000
105    @af z 000yy
106    @ar
200 10 @a计算机通信网@Aji suan ji tong xin wang@f(英)戴维斯(Davies,P.W.), (英)巴伯(Barber,L.A.)著@g谢益裕译
210    @a北京@c人民邮电出版社@d1985
215    @a688页@c图@d20cm
300    @a书名原文: Communication metworks for coputers.
510 1  @aCommunication metworks for coputers@zeng
606    @a计算机通信网
690    @aTN913.2@v3 
690    @aTN91
701  1 @a戴维斯@Adai wei si@bP.W.@4著
701 A1 @aDavies@bP.W.@4著
701  1 @a巴伯@Aba bo@bL.A.@4著
701 A1 @aBarber@bL.A.@4著
702  0 @a谢益裕@Axie yi yu@4译
801  0 @aCN@b深圳图书馆@c20040517
801  2 @aCN@bNLC@c20040517
905    @f1@b152215@dTN91@e26
    
    计算机通信网/(英)戴维斯(Davies,P.W.), (英)巴伯(Barber,L.A.)著/谢益裕译.-北京:人民邮电出版社,1985
    688页:图;20cm
    书名原文: Communication metworks for coputers.
    
    ISBN :CNY5.10
    
●
相关链接 在E读中查询图书 在五车中查询图书 在当当中查询图书 在豆瓣中查询图书


正题名:计算机通信网     索取号:TN91/26         预约/预借

序号 登录号 条形码 馆藏地/架位号 状态 备注
1 0152215   001323188   第三借阅区/ [索取号:TN91/26] 在馆    
2 0152216   202103357   第二样本阅览室/ [索取号:TN91/26] 在馆    
唐山师范学院图书馆 欢迎您!
大连网信软件有限公司© 版权所有